| 000 | 02697cam a22006134i 4500 | ||
|---|---|---|---|
| 003 | PE-LiUPU | ||
| 005 | 20250731173148.0 | ||
| 008 | 960731s1996 miu b 000 0 eng d | ||
| 020 |
_a1883925118 _q(rústica) |
||
| 020 |
_a9781883925116 _q(rústica) |
||
| 035 | _a(Sirsi) i9781883925116 | ||
| 040 |
_aNDD _beng _cNDD _dBXM _dBAKER _dNLGGC _dYDXCP _dOCLCQ _dOCLCO |
||
| 040 |
_aPUCPR _bspa _cPUCPR _dPUCPR _dCKJAV _dPE-LiUPU _erda |
||
| 049 | _aPRUA | ||
| 050 | 4 |
_aBX6109 _b.AU21 1994 |
|
| 082 | 0 | 4 |
_a230.05 _bA565, U58x, v. 21 |
| 082 | 0 | 4 |
_a286.73205 _bAUS _221 |
| 100 | 1 |
_aMüller, Ekkehardt., _eautor. |
|
| 245 | 1 | 0 |
_aMicrostructural analysis of Revelation 4-11 / _cEkkehardt Müller. |
| 264 | 1 |
_aBerrien Springs, Mich. : _bAndrews University Press, _c1996. |
|
| 300 |
_aix, 788 páginas ; _c23 centímetros. |
||
| 336 |
_atext _2rdacontent |
||
| 337 |
_aunmediated _2rdamedia |
||
| 338 |
_avolume _2rdacarrier |
||
| 490 | 1 |
_aAndrews University seminary doctoral dissertation series ; _v21 |
|
| 500 | _aThe author's thesis (Ph. D.)--Andrews University, Seventh-Day Adventist Theological Seminary. | ||
| 504 | _aBibliografía : páginas 751-788. | ||
| 526 | _aSEG42 | ||
| 526 | _aSEG41 | ||
| 526 | _aSEG40 | ||
| 526 | _aSEG39 | ||
| 526 | _aP94 | ||
| 526 | _aP87 | ||
| 526 | _aP86 | ||
| 526 | _aP85 | ||
| 526 | _aP77 | ||
| 526 | _aP76 | ||
| 526 | _aP35 | ||
| 630 | 0 | 0 |
_aBible. _pRevelation IV-XI _xCriticism, interpretation, etc. |
| 650 | 1 | 7 |
_aOpenbaring van Johannes (bijbelboek) _2gtt |
| 830 | 0 |
_aAndrews University Seminary doctoral dissertation series ; _vv21. |
|
| 910 |
_alclll _bjck _clcll _d20160726 |
||
| 942 |
_2ddc _cBOOK |
||
| 949 |
_a220.6 A 21 _wDEWEY _c1 _i53377 _f2017-2-13 _g1 _lCCODEBUL1 _mBUL _p10.00 _r0 _sY _tBOOK _u2015-7-10 _xTEOLOGIA _PP35 _0COMPRA _o.STAFF. Colección General |
||
| 949 |
_aBS2825.2 .M84 1996 _wLC _c1 _i64437 _lCIA _mBWL _r1 _sY _tBOOK _u2016-7-27 _xWHITE _zUNKNOWN _0COMPRA _o.STAFF. Centro White |
||
| 949 |
_aBS2825.2 .M84 1996 _wLC _c2 _i66455 _lCIA _mBWL _r1 _sY _tBOOK _u2016-7-27 _xWHITE _zUNKNOWN _0COMPRA _o.STAFF. Centro White |
||
| 994 |
_aC0 _bPEPRUE |
||
| 994 |
_aC0 _bPEPRUE |
||
| 596 | _a1 4 | ||
| 999 |
_a220.6 A 21 _wDEWEY _c35345 _i53377 _d35345 _f2021-11-9 _g5 _lCCODEBUL1 _mBUL _p10.00 _q2 _r0 _sY _tBOOK _u2015-7-10 _xTEOLOGIA _PP35 _0COMPRA _o.STAFF. Colección General |
||
| 999 |
_a286.73205 AUS V21 _wLC _c1 _iCW66455 _f2021-12-22 _g2 _lCCODECWL1 _mBWL _r1 _sY _tBOOK _u2016-7-27 _xWHITE _zUNKNOWN _0COMPRA _o.STAFF. Centro White |
||
| 999 |
_a286.73205 AUS V21 _wLC _c2 _iCW64437 _f2021-12-22 _g2 _lCCODECWL1 _mBWL _p50.00 _r1 _sY _tBOOK _u2016-7-27 _xWHITE _zUNKNOWN _0COMPRA _o.STAFF. Centro White |
||
| 980 |
_81 _gALBERTO SANCHEZ Responsable de Automatización |
||